Fausto

Guardat en:
Dades bibliogràfiques
Autor principal: Goethe, Johann Wolfgang von, 1749-1832 (autor)
Format: Llibre
Idioma:espanyol
Publicat: Santiago Ercilla 1984
Edició:1a. ed
Col·lecció:Biblioteca Ercilla, 10
Matèries:
Etiquetes: Afegir etiqueta
Sense etiquetes, Sigues el primer a etiquetar aquest registre!

MARC

LEADER 00000cam a2200000 a 4500
001 UCF4500
003 CL-VaPUC
008 121213e19840000CL |||||||||||||||||spa|d
082 0 4 |a 832  |b GOE  |2 21 
100 |a Goethe, Johann Wolfgang von,  |d 1749-1832  |e autor  |9 265453 
245 1 0 |a Fausto 
250 |a 1a. ed 
300 |a 271 p 
942 |c BK 
945 |d 20121213 00:00:00  |a cmena 
260 |a Santiago  |b Ercilla  |c 1984 
650 0 |a Dramas alemanes   |9 266681 
650 0 |a Literatura alemana   |9 265457 
650 0 |a Teatro alemán  |9 265742 
583 |a last modification  |c 20150420 11:02:08  |k Rodrigo Vera 
490 0 |a Biblioteca Ercilla, 10 
999 |c 350284  |d 350282 
952 |0 0  |1 0  |4 0  |6 832_000000000000000_GOE_1984  |7 0  |8 A  |9 453552  |a BIBEDU  |b BIBEDU  |d 2019-11-22  |i 4782291  |l 4  |m 7  |o 832 GOE 1984  |p 4782291  |r 2024-04-01  |s 2024-03-19  |w 2019-11-22  |y BK  |k LIT